000 00548nam a2200193Ia 4500
005 20250507130242.0
008 008 250505s9999 xx 000 0 eng d
037 _aSeries Article
040 _aEASL
_beng
_cEASL
041 _aeng
_2eng
084 _qEASL
100 _aPalmer Michael
245 0 _aTransforming family low in post-deng China : Marriage, divorce and reproduction
260 _aUK
_bUK Cambridge Univesity Press UK
_c2007
300 _a675-698
650 _aChina
942 _cSRA
999 _c1318573
_d1318573